|
|
|
|
| LEADER |
00000cam a2200000 a 4500 |
| 005 |
20110727145423.0 |
| 008 |
090720s2009 spc ||||||||| 000 0 spa c |
| 017 |
|
|
|a DL B. 29509-2009
|a DL B. 29917-2009
|b Biblioteca de Catalunya
|
| 020 |
|
|
|a 9788476988695
|
| 035 |
|
|
|a 4946
|
| 040 |
|
|
|d vLex
|
| 043 |
|
|
|a e-sp---
|
| 080 |
|
|
|a 347.73
|
| 090 |
|
|
|c 2237
|d 2237
|
| 245 |
0 |
0 |
|a Actividades de derecho financiero y tributario :
|b un enfoque por competencias /
|c Ana Mara̕ Delgado Garca̕, Rafael Oliver Cuello (coords.) ; Montserrat Casanellas Chuecos ... [et. al.]
|h [Recurso electrn̤ico]
|
| 256 |
|
|
|a Servicio en ln̕ea
|
| 260 |
|
|
|a Barcelona :
|b Bosch,
|c 2009
|
| 300 |
|
|
|a 498 p. :
|b il., cuadros, tablas;
|c 24 cm
|
| 490 |
1 |
|
|a Coleccin̤ de fiscalidad
|
| 500 |
|
|
|a Reimpresiones: 2009
|
| 504 |
|
|
|a Referňcias bibliogrf̀icas
|
| 506 |
1 |
|
|a Contenido solo disponible en los productos indicados
|d vLex Global
|d vLex Global (Academic Edition, excluding Law Schools)
|d vLex Global (U.S. Academic Edition, Law Schools)
|d vLex Global (U.S. Academic Edition, excluding Law Schools)
|d vLex Global (Academic Edition, Law Schools)
|
| 650 |
0 |
7 |
|a Derecho tributario
|2 Tesauro vLex
|
| 650 |
0 |
7 |
|a Mercados financieros
|2 Tesauro vLex
|
| 700 |
1 |
|
|a Delgado Garca̕, Ana Mara̕,
|e ed.
|
| 700 |
1 |
|
|a Oliver Cuello, Rafael,
|e ed.
|
| 700 |
1 |
|
|a Casanellas Chuecos, Montserrat
|
| 740 |
0 |
|
|a vLex Libros (Servicio en ln̕ea)
|
| 830 |
|
0 |
|a Coleccin̤ de fiscalidad
|
| 856 |
4 |
0 |
|u http://vlex.com/source/derecho-financiero-tributario-enfoque-competencias-4946
|z Acceso restringido
|
| 942 |
|
|
|c BOOK
|